Fegyelmezés és nevelés
A fegyelmezés a gyermek magatartását szabályozza, míg a nevelés az erkölcsiséggel foglalkozik. Az erkölcsiségre fegyelmezni nem lehet, ezt szavakkal és példaadással lehet megtanítani. Az otthon, a nevelés, a környezet és az öröklés alakítja ki a gyermek viselkedését. A szereteten és elfogadáson alap...
Elmentve itt :
| Szerző: | |
|---|---|
| Dokumentumtípus: | Cikk |
| Megjelent: |
2000
|
| Sorozat: | Módszertani közlemények
40 No. 2 |
| Kulcsszavak: | Neveléstudomány |
| Online Access: | http://acta.bibl.u-szeged.hu/28370 |
| LEADER | 02049nab a2200193 i 4500 | ||
|---|---|---|---|
| 001 | acta28370 | ||
| 005 | 20210222111317.0 | ||
| 008 | 161017s2000 hu o 0|| hun d | ||
| 022 | |a 1219-0608 | ||
| 040 | |a SZTE Egyetemi Kiadványok Repozitórium |b hun | ||
| 041 | |a hun | ||
| 100 | 1 | |a Légrádi László | |
| 245 | 1 | 0 | |a Fegyelmezés és nevelés |h [elektronikus dokumentum] / |c Légrádi László |
| 260 | |c 2000 | ||
| 300 | |a 67-71 | ||
| 490 | 0 | |a Módszertani közlemények |v 40 No. 2 | |
| 520 | 3 | |a A fegyelmezés a gyermek magatartását szabályozza, míg a nevelés az erkölcsiséggel foglalkozik. Az erkölcsiségre fegyelmezni nem lehet, ezt szavakkal és példaadással lehet megtanítani. Az otthon, a nevelés, a környezet és az öröklés alakítja ki a gyermek viselkedését. A szereteten és elfogadáson alapuló tekintélytisztelő fegyelmezés a legeredményesebb, és a szeretet nélküli totális tekintélyelvű fegyelmezés a legkárosabb. A szeretetből történő fegyelmezés azt jelenti, hogy csak akkor kifogásolhatjuk a gyermek helytelen viselkedését, ha szeretetéhségét már csillapítottuk, és érzelmi tankját megtöltöttük. A fegyelmezés célja többek között, hogy a gyermeket fokozatosan önfegyelemre tanítsa. Az önfegyelem kiterjed önmagunkra, teendőinkre, tulajdonunkra és a másokkal való viselkedésre is. Az embernevelés a társadalom és a gazdaság megjavításának elsőrendű feltétele. Nevelés által a társadalom formálható. Helyes célokat és életfelfogást kellene tanítani az ifjúságnak, kijavítva a közfelfogás helytelenségeit. Társadalmi bajaink csak akkor fordulhatnak jobbra, ha nevelési irányelveink megváltoznak. A gyermekek neveléséért a szülők, az iskola és a társadalom felelős. A nevelés csak akkor lehet eredményes, ha ez a három fórum egyforma elveket vall. Jelenleg mindhárom fórum ezen a téren javításra szorul. | |
| 695 | |a Neveléstudomány | ||
| 856 | 4 | 0 | |u http://acta.bibl.u-szeged.hu/28370/1/modszertani_040_002_067-071.pdf |z Dokumentum-elérés |